000 00279nam a22001337a 4500
008 170612b xxu||||| |||| 00| 0 eng d
020 _a9780801871160
041 _aeng
080 _a93
100 _a19
101 _aSHH
245 _aCOCAINE
_cSPILLANE, J.F
942 _2udc
_cBK
999 _c16855
_d16855